[Event "Cracovia Chess Festival A 2021"]
[Site "Cracow"]
[Date "2022.01.04"]
[Round "9.36"]
[White "Flak, Pawel"]
[Black "Garbowski, Jakub"]
[Result "0-1"]
[WhiteElo "2206"]
[BlackElo "2145"]
[Annotator "ChessBase"]
[PlyCount "68"]
[EventDate "2021.12.27"]
[EventCountry "POL"]
[SourceTitle "playchess.com"]
[Source "ChessBase"]
[SourceQuality "1"]
[TimeControl "40/5400+30:1800+30"]

1. d4 {[%emt 0:05:34]} Nf6 {[%emt 0:07:31]} 2. c4 {[%emt 0:00:03]} g6 {[%emt 0:00:12]} 3. Nc3 {[%emt 0:00:02]} d5 {[%emt 0:00:22]} 4. Nf3 {[%emt 0:00:20]} Bg7 {[%emt 0:00:24]} 5. Bf4 {[%emt 0:00:05]} O-O {[%emt 0:06:19]} 6. e3 {[%emt 0:01:10]} Be6 {[%emt 0:01:12]} 7. c5 {[%emt 0:00:35]} b6 {[%emt 0:04:54]} 8. b4 {[%emt 0:00:01]} a5 {[%emt 0:00:14]} 9. a3 {[%emt 0:00:02]} Ne4 {[%emt 0:00:10]} 10. Qc1 {[%emt 0:05:54]} axb4 {[%emt 0:14:10]} 11. axb4 {[%emt 0:00:01]} Rxa1 {[%emt 0:06:48]} 12. Qxa1 {[%emt 0:00:02]} Nc6 {[%emt 0:00:18]} 13. Nxe4 {[%emt 0:00:49]} dxe4 {[%emt 0:01:00]} 14. Ng5 {[%emt 0:00:25]} Bd5 {[%emt 0:02:06]} 15. Qc3 {[%emt 0:02:00]} h6 {[%emt 0:03:34]} 16. Nh3 {[%emt 0:00:10]} g5 {[%emt 0:00:08]} 17. Bg3 {[%emt 0:05:39]} f5 {[%emt 0:06:24]} 18. Bb5 {[%emt 0:03:41]} f4 {[%emt 0:11:21]} 19. Bxc6 {[%emt 0:00:02]} Bxc6 {[%emt 0:00:05]} 20. exf4 {[%emt 0:00:04]} Bxd4 {[%emt 0:00:31]} 21. Qc4+ {[%emt 0:00:06]} Qd5 {[%emt 0:01:11]} 22. Qxd5+ {[%emt 0:00:02]} Bxd5 {[%emt 0:00:03]} 23. O-O {[%emt 0:00:04]} g4 {[%emt 0:01:11]} 24. Rd1 {[%emt 0:01:44]} Ra8 {[%emt 0:00:44]} 25. cxb6 {[%emt 0:00:02]} cxb6 {[%emt 0:01:42]} 26. Ng5 {[%emt 0:00:02]} hxg5 {[%emt 0:00:30]} 27. fxg5 {[%emt 0:00:38]} Ra1 {[%emt 0:00:28]} 28. Rxa1 {[%emt 0:00:02]} Bxa1 {[%emt 0:00:08]} 29. h3 {[%emt 0:00:12]} Bc3 {[%emt 0:01:52]} 30. Bc7 {[%emt 0:00:04]} b5 {[%emt 0:00:25]} 31. Ba5 {[%emt 0:00:01]} g3 {[%emt 0:00:26]} 32. Bb6 {[%emt 0:00:26]} Bxb4 {[%emt 0:01:08]} 33. fxg3 {[%emt 0:00:04]} Bd2 {[%emt 0:00:08]} 34. Kf1 {[%emt 0:00:07]} Bc4+ {[%emt 0:00:59]} 0-1

[Event "Cracovia Chess Festival A 2021"]
[Site "Cracow"]
[Date "2022.01.04"]
[Round "9.37"]
[White "Romero Calduch, Sergio"]
[Black "Kotyk, Michael"]
[Result "1/2-1/2"]
[WhiteElo "2199"]
[BlackElo "2140"]
[Annotator "ChessBase"]
[PlyCount "46"]
[EventDate "2021.12.27"]
[EventCountry "POL"]
[SourceTitle "playchess.com"]
[Source "ChessBase"]
[SourceQuality "1"]
[TimeControl "40/5400+30:1800+30"]

1. Nf3 {[%emt 0:00:04]} Nf6 {[%emt 0:00:10]} 2. d4 {[%emt 0:00:10]} e6 {[%emt 0:00:05]} 3. c4 {[%emt 0:00:07]} d5 {[%emt 0:00:05]} 4. Nc3 {[%emt 0:00:51]} dxc4 {[%emt 0:00:21]} 5. e3 {[%emt 0:00:59]} a6 {[%emt 0:00:04]} 6. a4 {[%emt 0:00:46]} b6 {[%emt 0:00:05]} 7. Bxc4 {[%emt 0:00:11]} Bb7 {[%emt 0:00:04]} 8. O-O {[%emt 0:00:24]} Bb4 {[%emt 0:00:04]} 9. Qe2 {[%emt 0:02:28]} O-O {[%emt 0:00:31]} 10. Rd1 {[%emt 0:00:17]} Qe7 {[%emt 0:00:16]} 11. Bd3 {[%emt 0:13:50]} Nbd7 {[%emt 0:00:07]} 12. Ne5 {[%emt 0:06:12]} Nxe5 {[%emt 0:08:02]} 13. dxe5 {[%emt 0:00:11]} Nd7 {[%emt 0:06:30]} 14. Qc2 {[%emt 0:12:07]} g6 {[%emt 0:07:37]} 15. Be4 {[%emt 0:00:25]} Bxe4 {[%emt 0:03:48]} 16. Nxe4 {[%emt 0:06:09]} Nxe5 {[%emt 0:01:07]} 17. b3 {[%emt 0:00:13]} f5 {[%emt 0:18:33]} 18. Bb2 {[%emt 0:03:54]} Ng4 {[%emt 0:00:53]} 19. Qc6 {[%emt 0:13:43]} Rad8 {[%emt 0:04:15]} 20. h3 {[%emt 0:14:54]} fxe4 {[%emt 0:01:43]} 21. hxg4 {[%emt 0:00:05]} Qf7 {[%emt 0:01:39]} 22. Rxd8 {[%emt 0:06:06]} Qf5 {[%emt 0:18:04]} 23. Kh1 {[%emt 0:00:09]} Qxf2 {[%emt 0:00:07]} 1/2-1/2

[Event "Cracovia Chess Festival A 2021"]
[Site "Cracow"]
[Date "2022.01.04"]
[Round "9.38"]
[White "Dwilewicz, Katarzyna"]
[Black "Majek, Kacper"]
[Result "0-1"]
[WhiteElo "2100"]
[BlackElo "2100"]
[Annotator "ChessBase"]
[PlyCount "142"]
[EventDate "2021.12.27"]
[EventCountry "POL"]
[SourceTitle "playchess.com"]
[Source "ChessBase"]
[SourceQuality "1"]
[TimeControl "40/5400+30:1800+30"]

1. e4 {[%emt 0:00:03]} c5 {[%emt 0:00:11]} 2. Nf3 {[%emt 0:00:04]} d6 {[%emt 0:00:04]} 3. d4 {[%emt 0:00:04]} cxd4 {[%emt 0:00:04]} 4. Nxd4 {[%emt 0:00:05]} Nf6 {[%emt 0:00:04]} 5. Nc3 {[%emt 0:00:07]} a6 {[%emt 0:00:05]} 6. a4 {[%emt 0:00:49]} e5 {[%emt 0:00:53]} 7. Nf3 {[%emt 0:00:21]} Be7 {[%emt 0:08:16]} 8. Bc4 {[%emt 0:02:30]} O-O {[%emt 0:01:43]} 9. O-O {[%emt 0:00:23]} Nbd7 {[%emt 0:06:35]} 10. Qe2 {[%emt 0:04:34]} b6 {[%emt 0:10:47]} 11. Rd1 {[%emt 0:01:26]} Bb7 {[%emt 0:10:37]} 12. Bg5 {[%emt 0:01:58]} Qc7 {[%emt 0:07:22]} 13. h3 {[%emt 0:02:57]} Rfc8 {[%emt 0:01:16]} 14. Ba2 {[%emt 0:01:39]} h6 {[%emt 0:09:28]} 15. Bxf6 {[%emt 0:16:45]} Nxf6 {[%emt 0:00:07]} 16. Nh4 {[%emt 0:01:24]} Bc6 {[%emt 0:08:26]} 17. Bb3 {[%emt 0:14:48]} Bf8 {[%emt 0:04:05]} 18. Rd2 {[%emt 0:03:26]} b5 {[%emt 0:01:26]} 19. axb5 {[%emt 0:04:47]} axb5 {[%emt 0:00:05]} 20. Rxa8 {[%emt 0:01:14]} Rxa8 {[%emt 0:00:07]} 21. Nf5 {[%emt 0:01:20]} b4 {[%emt 0:04:11]} 22. Nd5 {[%emt 0:00:44]} Bxd5 {[%emt 0:00:46]} 23. Bxd5 {[%emt 0:00:06]} Nxd5 {[%emt 0:01:24]} 24. exd5 {[%emt 0:03:50]} g6 {[%emt 0:01:17]} 25. Ne3 {[%emt 0:00:23]} f5 {[%emt 0:02:57]} 26. g4 {[%emt 0:04:05]} f4 {[%emt 0:05:07]} 27. Nc4 {[%emt 0:00:16]} Ra1+ {[%emt 0:04:10]} 28. Kh2 {[%emt 0:05:58]} Qe7 {[%emt 0:01:01]} 29. Qe4 {[%emt 0:01:36]} Qg5 {[%emt 0:01:28]} 30. Re2 {[%emt 0:04:04]} h5 {[%emt 0:00:18]} 31. Qf3 {[%emt 0:05:59]} Rc1 {[%emt 0:03:02]} 32. Kg2 {[%emt 0:04:09]} Kh7 {[%emt 0:01:55]} 33. Na5 {[%emt 0:01:16]} Rd1 {[%emt 0:01:39]} 34. Nc6 {[%emt 0:01:06]} hxg4 {[%emt 0:01:51]} 35. Qxg4 {[%emt 0:00:35]} Qxg4+ {[%emt 0:00:59]} 36. hxg4 {[%emt 0:00:01]} Rxd5 {[%emt 0:02:16]} 37. Nxb4 {[%emt 0:00:02]} Rb5 {[%emt 0:00:40]} 38. Nd3 {[%emt 0:09:08]} Kg7 {[%emt 0:00:11]} 39. b4 {[%emt 0:00:33]} Rd5 {[%emt 0:01:18]} 40. Re1 {[%emt 0:00:00]} Kf6 {[%emt 0:00:00]} 41. Rb1 {[%emt 0:05:18]} Rb5 {[%emt 0:09:06]} 42. c4 {[%emt 0:03:25]} Rb7 {[%emt 0:04:46]} 43. b5 {[%emt 0:06:29]} Ke6 {[%emt 0:02:02]} 44. Nb4 {[%emt 0:01:01]} e4 {[%emt 0:00:37]} 45. Re1 {[%emt 0:00:57]} f3+ {[%emt 0:00:57]} 46. Kg3 {[%emt 0:02:30]} d5 {[%emt 0:00:07]} 47. Nxd5 {[%emt 0:00:35]} Bd6+ {[%emt 0:02:40]} 48. Nf4+ {[%emt 0:04:52]} Ke5 {[%emt 0:05:47]} 49. Rd1 {[%emt 0:04:58]} Bb8 {[%emt 0:00:49]} 50. g5 {[%emt 0:02:03]} Kf5 {[%emt 0:01:02]} 51. Rd5+ {[%emt 0:01:49]} Be5 {[%emt 0:00:06]} 52. Rxe5+ {[%emt 0:00:51]} Kxe5 {[%emt 0:00:08]} 53. Nxg6+ {[%emt 0:00:15]} Kf5 {[%emt 0:03:31]} 54. Nf4 {[%emt 0:00:08]} Kxg5 {[%emt 0:02:41]} 55. Nd5 {[%emt 0:05:08]} Kf5 {[%emt 0:00:05]} 56. Ne3+ {[%emt 0:01:40]} Ke5 {[%emt 0:00:06]} 57. Ng4+ {[%emt 0:00:27]} Kd4 {[%emt 0:00:07]} 58. Ne3 {[%emt 0:00:02]} Rg7+ {[%emt 0:03:26]} 59. Kf4 {[%emt 0:01:56]} Rg2 {[%emt 0:00:08]} 60. Nd1 {[%emt 0:00:22]} Rg1 {[%emt 0:00:30]} 61. Ne3 {[%emt 0:00:06]} Rg2 {[%emt 0:00:31]} 62. Nd1 {[%emt 0:00:03]} Rg8 {[%emt 0:00:14]} 63. Ne3 {[%emt 0:00:49]} Rf8+ {[%emt 0:00:13]} 64. Kg4 {[%emt 0:01:16]} Kd3 {[%emt 0:00:29]} 65. Kg3 {[%emt 0:00:40]} Ke2 {[%emt 0:00:26]} 66. b6 {[%emt 0:00:05]} Rg8+ {[%emt 0:00:15]} 67. Kf4 {[%emt 0:00:34]} Kxf2 {[%emt 0:00:18]} 68. Ng4+ {[%emt 0:00:40]} Ke2 {[%emt 0:00:14]} 69. b7 {[%emt 0:00:26]} Rb8 {[%emt 0:00:12]} 70. Kxe4 {[%emt 0:00:20]} Rxb7 {[%emt 0:00:06]} 71. c5 {[%emt 0:00:02]} Rb4+ {[%emt 0:00:13]} 0-1

[Event "Cracovia Chess Festival A 2021"]
[Site "Cracow"]
[Date "2022.01.04"]
[Round "9.39"]
[White "Gbyl, Andrzej"]
[Black "Bombek, Peter"]
[Result "0-1"]
[WhiteElo "2228"]
[BlackElo "2099"]
[Annotator "ChessBase"]
[PlyCount "56"]
[EventDate "2021.12.27"]
[EventCountry "POL"]
[SourceTitle "playchess.com"]
[Source "ChessBase"]
[SourceQuality "1"]
[TimeControl "40/5400+30:1800+30"]

1. d4 {[%emt 0:00:02]} d5 {[%emt 0:00:04]} 2. c4 {[%emt 0:00:05]} e6 {[%emt 0:00:03]} 3. Nc3 {[%emt 0:00:07]} c5 {[%emt 0:00:20]} 4. cxd5 {[%emt 0:00:24]} exd5 {[%emt 0:00:06]} 5. Nf3 {[%emt 0:00:14]} Nc6 {[%emt 0:00:20]} 6. g3 {[%emt 0:00:26]} Nf6 {[%emt 0:00:24]} 7. Bg2 {[%emt 0:00:05]} cxd4 {[%emt 0:00:30]} 8. Nxd4 {[%emt 0:00:09]} Bc5 {[%emt 0:00:23]} 9. Nxc6 {[%emt 0:01:00]} bxc6 {[%emt 0:00:05]} 10. O-O {[%emt 0:01:19]} O-O {[%emt 0:00:13]} 11. Qc2 {[%emt 0:01:04]} Bb6 {[%emt 0:04:44]} 12. b3 {[%emt 0:00:29]} Re8 {[%emt 0:01:58]} 13. Bb2 {[%emt 0:01:01]} Qe7 {[%emt 0:03:14]} 14. e3 {[%emt 0:01:06]} Bg4 {[%emt 0:02:23]} 15. Na4 {[%emt 0:02:32]} Rac8 {[%emt 0:00:47]} 16. Rac1 {[%emt 0:00:40]} h6 {[%emt 0:10:00]} 17. h3 {[%emt 0:00:39]} Bd7 {[%emt 0:05:47]} 18. Rfd1 {[%emt 0:00:45]} Ne4 {[%emt 0:02:20]} 19. Nxb6 {[%emt 0:05:24]} axb6 {[%emt 0:00:12]} 20. a4 {[%emt 0:00:49]} Bf5 {[%emt 0:10:52]} 21. g4 {[%emt 0:01:56]} Bd7 {[%emt 0:02:12]} 22. Qe2 {[%emt 0:02:18]} Qh4 {[%emt 0:04:47]} 23. Rd4 {[%emt 0:03:06]} Re6 {[%emt 0:18:18]} 24. Bxe4 {[%emt 0:01:53]} Rxe4 {[%emt 0:00:17]} 25. Rxe4 {[%emt 0:00:21]} dxe4 {[%emt 0:00:05]} 26. Kg2 {[%emt 0:00:55]} h5 {[%emt 0:01:58]} 27. Rg1 {[%emt 0:03:29]} hxg4 {[%emt 0:03:04]} 28. hxg4 {[%emt 0:00:06]} Bxg4 {[%emt 0:00:50]} 0-1